Piłkarze Arsenalu - nagła śmierć - Statystyki

Ogólne statystyki
  • Ten quiz został rozwiązany 379 razy
  • Średni wynik to 9 z 10
Answers on the Grid
Answers color-coded by a green-red scale on the quiz's grid according to % correct below.
B. Saka
D. Jota
D. Rice
Richarlison
Calafiori
J. Kiwior
D. Lopez
M. Odegaard
G. Jesus
E. Haaland
Martinelli
D. Raya
M. Cunha
M. Merino
W. Saliba
K. Mbappe
 
Statystyki odpowiedzi
Odpowiedź % Poprawnych
B. Saka
99%
D. Rice
94%
G. Jesus
94%
J. Kiwior
94%
M. Odegaard
94%
W. Saliba
94%
D. Raya
93%
Martinelli
92%
Calafiori
91%
M. Merino
90%
Nie znaleziono quizów pasujących do podanych kryteriów
Rozkład punktacji
Procent ludzi z każdym wynikiem
Percentyl według liczby udzielonych odpowiedzi
Twoja historia wyników
Nie rozwiązałeś tego quizu